[Event "Test Tournament"]
[Site "Emanuel Lasker Arena"]
[Date "2024.04.02"]
[Round "3"]
[White "BobFuscher"]
[Black "Alicia"]
[Result "1-0"]
[WhiteElo "2255"]
[BlackElo "2267"]
[Annotator "RC"]
[PlyCount "99"]
[EventDate "2024.04.02"]
[EventType "swiss (blitz)"]

1. c4 {[%emt 0:00:01]} e5 {[%emt 0:00:01]} 2. g3 {[%emt 0:00:01]} Nf6 {[%emt 0:00:01]} 3. Bg2 {[%emt 0:00:01]} d5 {[%emt 0:00:01]} 4. cxd5 {[%emt 0:00:01]} c6 {[%emt 0:00:01]} 5. dxc6 {[%emt 0:00:01]} Nxc6 {[%emt 0:00:01]} 6. d3 {[%emt 0:00:01]} Qd4 {[%emt 0:00:01]} 7. Nf3 {[%emt 0:00:01]} Bb4+ {[%emt 0:00:02]} 8. Nc3 {[%emt 0:00:01]} Qd5 {[%emt 0:00:01]} 9. O-O {[%emt 0:00:01]} Qc5 {[%emt 0:00:02]} 10. Be3 {[%emt 0:00:02]} Nd4 {[%emt 0:00:02]} 11. a3 {[%emt 0:00:01]} Ba5 {[%emt 0:00:01]} 12. Nxd4 {[%emt 0:00:01]} exd4 {[%emt 0:00:01]} 13. Qa4+ {[%emt 0:00:01]} Bd7 {[%emt 0:00:01]} 14. Bxd4 {[%emt 0:00:00]} Qg5 {[%emt 0:00:02]} 15. Bxf6 {[%emt 0:00:01]} gxf6 {[%emt 0:00:00]} 16. Qe4+ {[%emt 0:00:01]} Kf8 {[%emt 0:00:01]} 17. Qxb7 {[%emt 0:00:01]} Rd8 {[%emt 0:00:01]} 18. Ne4 {[%emt 0:00:01]} Qe5 {[%emt 0:00:02]} 19. Qxa7 {[%emt 0:00:00]} h5 {[%emt 0:00:02]} 20. b4 {[%emt 0:00:01]} Bc7 {[%emt 0:00:01]} 21. d4 {[%emt 0:00:01]} Bb8 {[%emt 0:00:01]} 22. Qxd7 {[%emt 0:00:01]} Rxd7 {[%emt 0:00:01]} 23. dxe5 {[%emt 0:00:01]} Bxe5 {[%emt 0:00:01]} 24. Rad1 {[%emt 0:00:01]} Bd4 {[%emt 0:00:01]} 25. a4 {[%emt 0:00:01]} f5 {[%emt 0:00:01]} 26. Nc5 {[%emt 0:00:01]} Rd6 {[%emt 0:00:02]} 27. h4 {[%emt 0:00:01]} Ke7 {[%emt 0:00:01]} 28. Nd3 {[%emt 0:00:01]} Re8 {[%emt 0:00:02]} 29. a5 {[%emt 0:00:01]} Kf6 {[%emt 0:00:01]} 30. Rfe1 {[%emt 0:00:01]} Bc3 {[%emt 0:00:01]} 31. Rf1 {[%emt 0:00:01]} Rxe2 {[%emt 0:00:01]} 32. Bf3 {[%emt 0:00:01]} Ra2 {[%emt 0:00:02]} 33. Bxh5 {[%emt 0:00:01]} Rd4 {[%emt 0:00:02]} 34. Bf3 {[%emt 0:00:01]} Kg6 {[%emt 0:00:01]} 35. Nf4+ {[%emt 0:00:01]} Rxf4 {[%emt 0:00:00]} 36. gxf4 {[%emt 0:00:00]} Kh7 {[%emt 0:00:01]} 37. b5 {[%emt 0:00:01]} Bxa5 {[%emt 0:00:01]} 38. Rd7 {[%emt 0:00:01]} Kh6 {[%emt 0:00:02]} 39. Rd6+ {[%emt 0:00:01]} f6 {[%emt 0:00:01]} 40. Rxf6+ {[%emt 0:00:01]} Kg7 {[%emt 0:00:01]} 41. Rxf5 {[%emt 0:00:01]} Kh6 {[%emt 0:00:01]} 42. b6 {[%emt 0:00:01]} Bb4 {[%emt 0:00:01]} 43. Rh5+ {[%emt 0:00:01]} Kg6 {[%emt 0:00:02]} 44. f5+ {[%emt 0:00:01]} Kf6 {[%emt 0:00:01]} 45. Rh6+ {[%emt 0:00:01]} Kxf5 {[%emt 0:00:00]} 46. Rh5+ {[%emt 0:00:01]} Kf4 {[%emt 0:00:01]} 47. Rb5 {[%emt 0:00:01]} Rb2 {[%emt 0:00:01]} 48. Kg2 {[%emt 0:00:01]} Rb3 {[%emt 0:00:01]} 49. Rc1 {[%emt 0:00:01]} Rxf3 {[%emt 0:00:01]} 50. Rc4# {[%emt 0:00:01]} 1-0

[Event "Test Tournament"]
[Site "Emanuel Lasker Arena"]
[Date "2024.04.09"]
[Round "3"]
[White "Controller"]
[Black "Jamie Fraser"]
[Result "1-0"]
[WhiteElo "2243"]
[BlackElo "2119"]
[Annotator "RC"]
[PlyCount "43"]
[EventDate "2024.04.09"]
[EventType "swiss (blitz)"]

1. e4 {[%emt 0:00:01]} e5 {[%emt 0:00:01]} 2. Nf3 {[%emt 0:00:01]} Nc6 {[%emt 0:00:01]} 3. Bb5 {[%emt 0:00:01]} a6 {[%emt 0:00:01]} 4. Ba4 {[%emt 0:00:01]} Nf6 {[%emt 0:00:01]} 5. O-O {[%emt 0:00:01]} Nxe4 {[%emt 0:00:01]} 6. d4 {[%emt 0:00:01]} b5 {[%emt 0:00:01]} 7. Bb3 {[%emt 0:00:01]} d5 {[%emt 0:00:01]} 8. dxe5 {[%emt 0:00:01]} Be6 {[%emt 0:00:01]} 9. Nbd2 {[%emt 0:00:01]} Be7 {[%emt 0:00:00]} 10. c3 {[%emt 0:00:01]} O-O {[%emt 0:00:01]} 11. Re1 {[%emt 0:00:01]} Nc5 {[%emt 0:00:01]} 12. Nd4 {[%emt 0:00:01]} Nxd4 {[%emt 0:00:01]} 13. cxd4 {[%emt 0:00:01]} Nd3 {[%emt 0:00:01]} 14. Re3 {[%emt 0:00:01]} Nxc1 {[%emt 0:00:01]} 15. Rxc1 {[%emt 0:00:01]} Qd7 {[%emt 0:00:01]} 16. Rg3 {[%emt 0:00:01]} a5 {[%emt 0:00:01]} 17. Bc2 {[%emt 0:00:01]} c6 {[%emt 0:00:02]} 18. Bb1 {[%emt 0:00:01]} f5 {[%emt 0:00:04]} 19. Qh5 {[%emt 0:00:03]} g6 {[%emt 0:00:07]} 20. Qh6 {[%emt 0:00:03]} f4 {[%emt 0:00:03]} 21. Bxg6 {[%emt 0:00:01]} fxg3 {[%emt 0:00:02]} 22. Qxh7# {[%emt 0:00:03] (Lag: Av=0.06s, max=0.4s)} 1-0

[Event "Test Tournament"]
[Site "Emanuel Lasker Arena"]
[Date "2024.04.02"]
[Round "3"]
[White "Swindler"]
[Black "Antonella"]
[Result "1-0"]
[WhiteElo "2233"]
[BlackElo "2109"]
[Annotator "RC"]
[PlyCount "95"]
[EventDate "2024.04.02"]
[EventType "swiss (blitz)"]

1. e4 {[%emt 0:00:01]} c5 {[%emt 0:00:01]} 2. Nf3 {[%emt 0:00:01]} d6 {[%emt 0:00:01]} 3. d4 {[%emt 0:00:01]} cxd4 {[%emt 0:00:01]} 4. Nxd4 {[%emt 0:00:01]} Nf6 {[%emt 0:00:01]} 5. Nc3 {[%emt 0:00:01]} a6 {[%emt 0:00:01]} 6. Be3 {[%emt 0:00:01]} e6 {[%emt 0:00:01]} 7. Qd2 {[%emt 0:00:01]} b5 {[%emt 0:00:01]} 8. f3 {[%emt 0:00:01]} Nbd7 {[%emt 0:00:01]} 9. g4 {[%emt 0:00:01]} h6 {[%emt 0:00:01]} 10. h4 {[%emt 0:00:01]} b4 {[%emt 0:00:01]} 11. Na4 {[%emt 0:00:01]} Qa5 {[%emt 0:00:01]} 12. b3 {[%emt 0:00:01]} Bb7 {[%emt 0:00:01]} 13. c4 {[%emt 0:00:01]} Ne5 {[%emt 0:00:01]} 14. a3 {[%emt 0:00:01]} d5 {[%emt 0:00:02]} 15. cxd5 {[%emt 0:00:00]} Nxf3+ {[%emt 0:00:00]} 16. Nxf3 {[%emt 0:00:01]} Nxe4 {[%emt 0:00:01]} 17. Qd4 {[%emt 0:00:01]} Ng3 {[%emt 0:00:01]} 18. Ne5 {[%emt 0:00:01]} bxa3+ {[%emt 0:00:01]} 19. Bd2 {[%emt 0:00:01]} Qxd5 {[%emt 0:00:01]} 20. Qxd5 {[%emt 0:00:00]} exd5 {[%emt 0:00:01]} 21. Rh3 {[%emt 0:00:01]} f6 {[%emt 0:00:02]} 22. Bd3 {[%emt 0:00:01]} a5 {[%emt 0:00:02]} 23. Bb5+ {[%emt 0:00:01]} Ke7 {[%emt 0:00:01]} 24. Ng6+ {[%emt 0:00:01]} Ke6 {[%emt 0:00:01]} 25. Rxg3 {[%emt 0:00:01]} Bd6 {[%emt 0:00:02]} 26. Rf3 {[%emt 0:00:01]} Rhd8 {[%emt 0:00:02]} 27. O-O-O {[%emt 0:00:01]} Kf7 {[%emt 0:00:02]} 28. h5 {[%emt 0:00:01]} Kg8 {[%emt 0:00:02]} 29. Kb1 {[%emt 0:00:01]} a2+ {[%emt 0:00:01]} 30. Kxa2 {[%emt 0:00:01]} d4 {[%emt 0:00:01]} 31. Bc4+ {[%emt 0:00:01]} Kh7 {[%emt 0:00:01]} 32. Bd3 {[%emt 0:00:01]} Bb4 {[%emt 0:00:01]} 33. Ne7+ {[%emt 0:00:01]} Kh8 {[%emt 0:00:01]} 34. Ng6+ {[%emt 0:00:01]} Kg8 {[%emt 0:00:01]} 35. Bc4+ {[%emt 0:00:01]} Kh7 {[%emt 0:00:01]} 36. Rd3 {[%emt 0:00:01]} Be4 {[%emt 0:00:02]} 37. Bxb4 {[%emt 0:00:01]} axb4 {[%emt 0:00:00]} 38. Nf4 {[%emt 0:00:01]} f5 {[%emt 0:00:02]} 39. Rxd4 {[%emt 0:00:01]} Rxd4 {[%emt 0:00:00]} 40. Rxd4 {[%emt 0:00:00]} Bf3 {[%emt 0:00:01]} 41. gxf5 {[%emt 0:00:01]} Rxa4+ {[%emt 0:00:03]} 42. bxa4 {[%emt 0:00:01]} b3+ {[%emt 0:00:02]} 43. Kxb3 {[%emt 0:00:02]} Bc6 {[%emt 0:00:01]} 44. a5 {[%emt 0:00:01]} Bf3 {[%emt 0:00:01]} 45. Kb4 {[%emt 0:00:01]} Kh8 {[%emt 0:00:02]} 46. Rd8+ {[%emt 0:00:01]} Kh7 {[%emt 0:00:01]} 47. Bg8+ {[%emt 0:00:01]} Kh8 {[%emt 0:00:01]} 48. Ng6# {[%emt 0:00:01]} 1-0

[Event "Test Tournament"]
[Site "Emanuel Lasker Arena"]
[Date "2024.04.02"]
[Round "3"]
[White "Swindler"]
[Black "Leuwe"]
[Result "0-1"]
[WhiteElo "2233"]
[BlackElo "2251"]
[Annotator "RC"]
[PlyCount "112"]
[EventDate "2024.04.02"]
[EventType "swiss (blitz)"]

1. e4 {[%emt 0:00:01]} e5 {[%emt 0:00:01]} 2. Nf3 {[%emt 0:00:01]} Nc6 {[%emt 0:00:01]} 3. Bb5 {[%emt 0:00:01]} a6 {[%emt 0:00:01]} 4. Ba4 {[%emt 0:00:01]} d6 {[%emt 0:00:01]} 5. c3 {[%emt 0:00:01]} Bd7 {[%emt 0:00:01]} 6. d4 {[%emt 0:00:01]} g6 {[%emt 0:00:01]} 7. O-O {[%emt 0:00:01]} Bg7 {[%emt 0:00:01]} 8. h3 {[%emt 0:00:01]} b5 {[%emt 0:00:01]} 9. Bb3 {[%emt 0:00:01]} Nf6 {[%emt 0:00:01]} 10. dxe5 {[%emt 0:00:02]} Nxe5 {[%emt 0:00:01]} 11. Nxe5 {[%emt 0:00:00]} dxe5 {[%emt 0:00:00]} 12. Bg5 {[%emt 0:00:01]} h6 {[%emt 0:00:01]} 13. Bh4 {[%emt 0:00:01]} g5 {[%emt 0:00:01]} 14. a4 {[%emt 0:00:01]} gxh4 {[%emt 0:00:01]} 15. axb5 {[%emt 0:00:01]} axb5 {[%emt 0:00:00]} 16. Na3 {[%emt 0:00:02]} O-O {[%emt 0:00:01]} 17. Qf3 {[%emt 0:00:02]} Kh8 {[%emt 0:00:01]} 18. Qe2 {[%emt 0:00:01]} Qe8 {[%emt 0:00:01]} 19. Rfd1 {[%emt 0:00:01]} Rg8 {[%emt 0:00:01]} 20. Qf3 {[%emt 0:00:02]} Qe7 {[%emt 0:00:01]} 21. Qd3 {[%emt 0:00:01]} Bc6 {[%emt 0:00:01]} 22. Qe2 {[%emt 0:00:01]} Bxe4 {[%emt 0:00:01]} 23. Nxb5 {[%emt 0:00:00]} Rxa1 {[%emt 0:00:01]} 24. Rxa1 {[%emt 0:00:01]} Bc6 {[%emt 0:00:01]} 25. Ra6 {[%emt 0:00:02]} Bb7 {[%emt 0:00:01]} 26. Ra7 {[%emt 0:00:02]} c6 {[%emt 0:00:01]} 27. Nd4 {[%emt 0:00:01]} c5 {[%emt 0:00:01]} 28. Nf5 {[%emt 0:00:02]} Qc7 {[%emt 0:00:02]} 29. Qa6 {[%emt 0:00:01]} Rb8 {[%emt 0:00:01]} 30. Qc4 {[%emt 0:00:02]} Qc6 {[%emt 0:00:02]} 31. f3 {[%emt 0:00:01]} Qd5 {[%emt 0:00:01]} 32. Qb5 {[%emt 0:00:02]} Qc6 {[%emt 0:00:01]} 33. Qxc6 {[%emt 0:00:01]} Bxc6 {[%emt 0:00:01]} 34. Bxf7 {[%emt 0:00:00]} Rxb2 {[%emt 0:00:00]} 35. Rc7 {[%emt 0:00:01]} Bd7 {[%emt 0:00:01]} 36. Ne7 {[%emt 0:00:01]} Bf8 {[%emt 0:00:01]} 37. Ng6+ {[%emt 0:00:02]} Kg7 {[%emt 0:00:01]} 38. Nxe5 {[%emt 0:00:00]} Bd6 {[%emt 0:00:01]} 39. Nxd7 {[%emt 0:00:01]} Bxc7 {[%emt 0:00:01]} 40. Nxc5 {[%emt 0:00:02]} Rb1+ {[%emt 0:00:01]} 41. Kf2 {[%emt 0:00:01]} Bg3+ {[%emt 0:00:01]} 42. Ke3 {[%emt 0:00:01]} Re1+ {[%emt 0:00:01]} 43. Kd2 {[%emt 0:00:01]} Kxf7 {[%emt 0:00:01]} 44. Kd3 {[%emt 0:00:02]} Rd1+ {[%emt 0:00:01]} 45. Kc2 {[%emt 0:00:01]} Re1 {[%emt 0:00:01]} 46. Ne6 {[%emt 0:00:02]} Re2+ {[%emt 0:00:01]} 47. Kd3 {[%emt 0:00:01]} Rxe6 {[%emt 0:00:01]} 48. c4 {[%emt 0:00:01]} Rd6+ {[%emt 0:00:01]} 49. Kc2 {[%emt 0:00:01]} Nh7 {[%emt 0:00:01]} 50. f4 {[%emt 0:00:01]} Rf6 {[%emt 0:00:01]} 51. Kb2 {[%emt 0:00:01]} Rb6+ {[%emt 0:00:01]} 52. Ka3 {[%emt 0:00:01]} Ra6+ {[%emt 0:00:01]} 53. Kb4 {[%emt 0:00:01]} Rb6+ {[%emt 0:00:01]} 54. Ka5 {[%emt 0:00:01]} Re6 {[%emt 0:00:01]} 55. c5 {[%emt 0:00:01]} Nf8 {[%emt 0:00:01]} 56. f5 {[%emt 0:00:01]} Rf6 {[%emt 0:00:01]} 0-1

[Event "Test Tournament"]
[Site "Emanuel Lasker Arena"]
[Date "2024.04.09"]
[Round "3"]
[White "Alicia"]
[Black "Covfefe"]
[Result "1-0"]
[WhiteElo "2226"]
[BlackElo "1620"]
[Annotator "RC"]
[PlyCount "53"]
[EventDate "2024.04.09"]
[EventType "swiss (blitz)"]

1. e4 {[%emt 0:00:01]} e5 {[%emt 0:00:02]} 2. Nf3 {[%emt 0:00:01]} Nc6 {[%emt 0:00:01]} 3. Bb5 {[%emt 0:00:01]} Nf6 {[%emt 0:00:01]} 4. O-O {[%emt 0:00:01]} Nxe4 {[%emt 0:00:02]} 5. d4 {[%emt 0:00:01]} exd4 {[%emt 0:00:01]} 6. Re1 {[%emt 0:00:01]} d3 {[%emt 0:00:11]} 7. Bxc6 {[%emt 0:00:02]} dxc6 {[%emt 0:00:01]} 8. Rxe4+ {[%emt 0:00:01]} Be7 {[%emt 0:00:03]} 9. Qxd3 {[%emt 0:00:01]} O-O {[%emt 0:00:03]} 10. Ne5 {[%emt 0:00:08]} b6 {[%emt 0:00:03]} 11. Rf4 {[%emt 0:00:04]} a5 {[%emt 0:00:03]} 12. h4 {[%emt 0:00:03]} Be6 {[%emt 0:00:03]} 13. h5 {[%emt 0:00:07]} Bf6 {[%emt 0:00:03]} 14. Rd4 {[%emt 0:00:02]} Bxe5 {[%emt 0:00:03]} 15. Rxd8 {[%emt 0:00:01]} Raxd8 {[%emt 0:00:02]} 16. Qf3 {[%emt 0:00:02]} Rb8 {[%emt 0:00:02]} 17. Bg5 {[%emt 0:00:01]} Bxb2 {[%emt 0:00:02]} 18. Nc3 {[%emt 0:00:02]} Bxa1 {[%emt 0:00:01]} 19. Qxc6 {[%emt 0:00:01]} b5 {[%emt 0:00:01]} 20. Ne4 {[%emt 0:00:01]} Bxa2 {[%emt 0:00:01]} 21. g4 {[%emt 0:00:02]} b4 {[%emt 0:00:01]} 22. Be7 {[%emt 0:00:01]} Rb6 {[%emt 0:00:02]} 23. Qd7 {[%emt 0:00:01]} Bd5 {[%emt 0:00:01]} 24. Qxd5 {[%emt 0:00:01]} Re8 {[%emt 0:00:01]} 25. Ng5 {[%emt 0:00:02]} Rxe7 {[%emt 0:00:01]} 26. Qd8+ {[%emt 0:00:01]} Re8 {[%emt 0:00:01]} 27. Qxe8# {[%emt 0:00:01] (Lag: Av=0.06s, max=0.1s)} 1-0

[Event "Test Tournament"]
[Site "Emanuel Lasker Arena"]
[Date "2024.04.09"]
[Round "3"]
[White "Josha Matin"]
[Black "Leuwe"]
[Result "0-1"]
[WhiteElo "2219"]
[BlackElo "2285"]
[Annotator "RC"]
[PlyCount "92"]
[EventDate "2024.04.09"]
[EventType "swiss (blitz)"]

1. d4 {[%emt 0:00:01]} Nf6 {[%emt 0:00:01]} 2. c4 {[%emt 0:00:01]} e6 {[%emt 0:00:01]} 3. Nf3 {[%emt 0:00:01]} d5 {[%emt 0:00:01]} 4. Nc3 {[%emt 0:00:01]} Bb4 {[%emt 0:00:01]} 5. Bg5 {[%emt 0:00:01]} h6 {[%emt 0:00:01]} 6. Bxf6 {[%emt 0:00:01]} Qxf6 {[%emt 0:00:01]} 7. e3 {[%emt 0:00:01]} O-O {[%emt 0:00:01]} 8. Qb3 {[%emt 0:00:04]} c5 {[%emt 0:00:01]} 9. a3 {[%emt 0:00:01]} cxd4 {[%emt 0:00:01]} 10. axb4 {[%emt 0:00:01]} dxc3 {[%emt 0:00:01]} 11. Qxc3 {[%emt 0:00:01]} Qxc3+ {[%emt 0:00:01]} 12. bxc3 {[%emt 0:00:01]} dxc4 {[%emt 0:00:01]} 13. Bxc4 {[%emt 0:00:01]} b6 {[%emt 0:00:05]} 14. Nd4 {[%emt 0:00:04]} a5 {[%emt 0:00:05]} 15. Kd2 {[%emt 0:00:03]} e5 {[%emt 0:00:03]} 16. Bd5 {[%emt 0:00:03]} Ra7 {[%emt 0:00:01]} 17. Nb5 {[%emt 0:00:05]} Rd7 {[%emt 0:00:01]} 18. e4 {[%emt 0:00:03]} Ba6 {[%emt 0:00:04]} 19. c4 {[%emt 0:00:03]} Rc8 {[%emt 0:00:03]} 20. bxa5 {[%emt 0:00:03]} Rxc4 {[%emt 0:00:03]} 21. Rab1 {[%emt 0:00:03]} Rxe4 {[%emt 0:00:01]} 22. Nc3 {[%emt 0:00:01]} Rd4+ {[%emt 0:00:01]} 23. Kc1 {[%emt 0:00:02]} Rc7 {[%emt 0:00:02]} 24. Kb2 {[%emt 0:00:01]} bxa5 {[%emt 0:00:01]} 25. Rhd1 {[%emt 0:00:03]} Bd3 {[%emt 0:00:01]} 26. Ra1 {[%emt 0:00:02]} Nc6 {[%emt 0:00:02]} 27. Bxc6 {[%emt 0:00:01]} Rxc6 {[%emt 0:00:01]} 28. Rxa5 {[%emt 0:00:01]} f6 {[%emt 0:00:02]} 29. Ra4 {[%emt 0:00:01]} Rb6+ {[%emt 0:00:01]} 30. Ka3 {[%emt 0:00:01]} Rc6 {[%emt 0:00:02]} 31. Rc1 {[%emt 0:00:01]} Rdc4 {[%emt 0:00:02]} 32. Rxc4 {[%emt 0:00:01]} Rxc4 {[%emt 0:00:01]} 33. Kb2 {[%emt 0:00:01]} Rf4 {[%emt 0:00:01]} 34. Nd1 {[%emt 0:00:01]} Be2 {[%emt 0:00:01]} 35. Rc8+ {[%emt 0:00:00]} Kh7 {[%emt 0:00:01]} 36. g3 {[%emt 0:00:01]} Rf3 {[%emt 0:00:01]} 37. Ne3 {[%emt 0:00:00]} Rxf2 {[%emt 0:00:00]} 38. h4 {[%emt 0:00:01]} Rf3 {[%emt 0:00:01]} 39. Nd5 {[%emt 0:00:00]} Rxg3 {[%emt 0:00:00]} 40. Rd8 {[%emt 0:00:01]} Rh3 {[%emt 0:00:01]} 41. Rd7 {[%emt 0:00:01]} Kg8 {[%emt 0:00:01]} 42. Ne7+ {[%emt 0:00:00]} Kf7 {[%emt 0:00:00]} 43. Nc8+ {[%emt 0:00:01]} Kg6 {[%emt 0:00:01]} 44. Ne7+ {[%emt 0:00:00]} Kh5 {[%emt 0:00:00]} 45. Ng8 {[%emt 0:00:01]} Rg3 {[%emt 0:00:00]} 46. Ne7 {[%emt 0:00:00] .} e4 {[%emt 0:00:00]} 0-1

[Event "Test Tournament"]
[Site "Emanuel Lasker Arena"]
[Date "2024.04.09"]
[Round "3"]
[White "Beaujolais"]
[Black "ArrowPlay"]
[Result "1-0"]
[WhiteElo "2200"]
[BlackElo "2027"]
[Annotator "RC"]
[PlyCount "71"]
[EventDate "2024.04.09"]
[EventType "swiss (blitz)"]

1. d4 {[%emt 0:00:01]} Nf6 {[%emt 0:00:01]} 2. c4 {[%emt 0:00:01]} c5 {[%emt 0:00:01]} 3. d5 {[%emt 0:00:01]} b5 {[%emt 0:00:01]} 4. cxb5 {[%emt 0:00:01]} a6 {[%emt 0:00:01]} 5. bxa6 {[%emt 0:00:01]} g6 {[%emt 0:00:01]} 6. Nc3 {[%emt 0:00:01]} Bxa6 {[%emt 0:00:01]} 7. Nf3 {[%emt 0:00:01]} Bg7 {[%emt 0:00:01]} 8. e4 {[%emt 0:00:01]} Bxf1 {[%emt 0:00:01]} 9. Rxf1 {[%emt 0:00:01]} Qa5 {[%emt 0:00:01]} 10. Bd2 {[%emt 0:00:01]} O-O {[%emt 0:00:06]} 11. e5 {[%emt 0:00:01]} Ng4 {[%emt 0:00:04]} 12. Qe2 {[%emt 0:00:04]} Qb6 {[%emt 0:00:05]} 13. b3 {[%emt 0:00:04]} e6 {[%emt 0:00:03]} 14. h3 {[%emt 0:00:04]} Nxe5 {[%emt 0:00:03]} 15. Nxe5 {[%emt 0:00:01]} Qb7 {[%emt 0:00:03]} 16. dxe6 {[%emt 0:00:08]} dxe6 {[%emt 0:00:00]} 17. Qf3 {[%emt 0:00:01]} Qc7 {[%emt 0:00:03]} 18. Qxa8 {[%emt 0:00:02]} Qxe5+ {[%emt 0:00:01]} 19. Kd1 {[%emt 0:00:01]} Nd7 {[%emt 0:00:02]} 20. Qb7 {[%emt 0:00:02]} Qd4 {[%emt 0:00:02]} 21. Rc1 {[%emt 0:00:03]} Qd3 {[%emt 0:00:02]} 22. Re1 {[%emt 0:00:02]} Bh6 {[%emt 0:00:02]} 23. Rc2 {[%emt 0:00:02]} Bxd2 {[%emt 0:00:01]} 24. Rxd2 {[%emt 0:00:01]} Qxc3 {[%emt 0:00:01]} 25. Qxd7 {[%emt 0:00:01]} Ra8 {[%emt 0:00:01]} 26. Ke2 {[%emt 0:00:02]} Qe5+ {[%emt 0:00:02]} 27. Kf1 {[%emt 0:00:01]} Qh2 {[%emt 0:00:02]} 28. f3 {[%emt 0:00:02]} h5 {[%emt 0:00:01]} 29. Qd6 {[%emt 0:00:01]} f5 {[%emt 0:00:06]} 30. Qxh2 {[%emt 0:00:01]} c4 {[%emt 0:00:01]} 31. Rxe6 {[%emt 0:00:01]} cxb3 {[%emt 0:00:01]} 32. Rxg6+ {[%emt 0:00:01]} Kh7 {[%emt 0:00:01]} 33. Qc7+ {[%emt 0:00:01]} Kxg6 {[%emt 0:00:01]} 34. Rd6+ {[%emt 0:00:01]} Kg5 {[%emt 0:00:01]} 35. Qg7+ {[%emt 0:00:01]} Kh4 {[%emt 0:00:01] '} 36. Rd4+ {[%emt 0:00:01] (Lag: Av=0.07s, max=0.4s)} 1-0

[Event "Test Tournament"]
[Site "Emanuel Lasker Arena"]
[Date "2024.04.09"]
[Round "3"]
[White "Chartwell"]
[Black "Einpassant"]
[Result "0-1"]
[WhiteElo "2150"]
[BlackElo "1620"]
[Annotator "RC"]
[PlyCount "72"]
[EventDate "2024.04.09"]
[EventType "swiss (blitz)"]
[TimeControl "60"]

1. c4 {[%emt 0:00:01]} c5 {[%emt 0:00:01]} 2. g3 {[%emt 0:00:01]} Nf6 {[%emt 0:00:01]} 3. Bg2 {[%emt 0:00:01]} e6 {[%emt 0:00:01]} 4. Nf3 {[%emt 0:00:01]} Nc6 {[%emt 0:00:00]} 5. O-O {[%emt 0:00:01]} d5 {[%emt 0:00:01]} 6. d4 {[%emt 0:00:01]} dxc4 {[%emt 0:00:01]} 7. Qa4 {[%emt 0:00:00]} Bd7 {[%emt 0:00:01]} 8. dxc5 {[%emt 0:00:01]} Bxc5 {[%emt 0:00:01]} 9. Qxc4 {[%emt 0:00:01]} Qb6 {[%emt 0:00:01]} 10. Nc3 {[%emt 0:00:01]} Na5 {[%emt 0:00:01]} 11. Qf4 {[%emt 0:00:01]} O-O {[%emt 0:00:04]} 12. Ne5 {[%emt 0:00:04]} Rad8 {[%emt 0:00:01]} 13. e3 {[%emt 0:00:01]} Bc6 {[%emt 0:00:04]} 14. Na4 {[%emt 0:00:04]} Qb4 {[%emt 0:00:04]} 15. Nxc5 {[%emt 0:00:01]} Qxc5 {[%emt 0:00:01]} 16. b4 {[%emt 0:00:04]} Qc3 {[%emt 0:00:01]} 17. Nxc6 {[%emt 0:00:01]} Nxc6 {[%emt 0:00:01]} 18. Bxc6 {[%emt 0:00:01]} Qxa1 {[%emt 0:00:02]} 19. Bxb7 {[%emt 0:00:01]} Qxa2 {[%emt 0:00:01]} 20. b5 {[%emt 0:00:03]} Rd3 {[%emt 0:00:03]} 21. e4 {[%emt 0:00:03]} Rfd8 {[%emt 0:00:03]} 22. Be3 {[%emt 0:00:03]} Rd1 {[%emt 0:00:03]} 23. Qc7 {[%emt 0:00:03]} Qe2 {[%emt 0:00:02]} 24. Rxd1 {[%emt 0:00:01]} Rxd1+ {[%emt 0:00:01]} 25. Kg2 {[%emt 0:00:00]} Ne8 {[%emt 0:00:01]} 26. Qe5 {[%emt 0:00:02]} Nd6 {[%emt 0:00:02]} 27. Bc6 {[%emt 0:00:03]} Qf1+ {[%emt 0:00:03]} 28. Kf3 {[%emt 0:00:01]} Rd3 {[%emt 0:00:02]} 29. Kf4 {[%emt 0:00:03]} Rxe3 {[%emt 0:00:01]} 30. Qxd6 {[%emt 0:00:01]} Qxf2+ {[%emt 0:00:01]} 31. Kg4 {[%emt 0:00:01]} Qe2+ {[%emt 0:00:01]} 32. Kf4 {[%emt 0:00:01]} h5 {[%emt 0:00:01]} 33. Qe7 {[%emt 0:00:01]} Rd3 {[%emt 0:00:02]} 34. b6 {[%emt 0:00:01]} Qf3+ {[%emt 0:00:01]} 35. Ke5 {[%emt 0:00:01]} f6+ {[%emt 0:00:01]} 36. Kxe6 {[%emt 0:00:00]} Qg4# {[%emt 0:00:01] (Lag: Av=0.05s, max=0.2s)} 0-1

[Event "Test Tournament"]
[Site "Emanuel Lasker Arena"]
[Date "2024.04.09"]
[Round "3"]
[White "Chartwell"]
[Black "MikhailBerg"]
[Result "1-0"]
[WhiteElo "2149"]
[BlackElo "2094"]
[Annotator "RC"]
[PlyCount "83"]
[EventDate "2024.04.09"]
[EventType "swiss (blitz)"]

1. c4 {[%emt 0:00:01]} c6 {[%emt 0:00:01]} 2. Nf3 {[%emt 0:00:01]} Nf6 {[%emt 0:00:09]} 3. d4 {[%emt 0:00:01]} d5 {[%emt 0:00:01]} 4. Nc3 {[%emt 0:00:01]} a6 {[%emt 0:00:04]} 5. c5 {[%emt 0:00:01]} Bf5 {[%emt 0:00:01]} 6. Qb3 {[%emt 0:00:01]} Qc7 {[%emt 0:00:01]} 7. Bf4 {[%emt 0:00:01]} e5 {[%emt 0:00:01]} 8. Bxe5 {[%emt 0:00:01]} Qe7 {[%emt 0:00:03]} 9. Bxf6 {[%emt 0:00:01]} gxf6 {[%emt 0:00:01]} 10. e3 {[%emt 0:00:04]} h5 {[%emt 0:00:03]} 11. h4 {[%emt 0:00:04]} Bh6 {[%emt 0:00:03]} 12. g3 {[%emt 0:00:04]} Bg4 {[%emt 0:00:03]} 13. Be2 {[%emt 0:00:03]} Bg7 {[%emt 0:00:02]} 14. O-O-O {[%emt 0:00:03]} f5 {[%emt 0:00:02]} 15. Ng5 {[%emt 0:00:03]} b5 {[%emt 0:00:03]} 16. cxb6 {[%emt 0:00:03]} Nd7 {[%emt 0:00:02]} 17. b7 {[%emt 0:00:03]} Rb8 {[%emt 0:00:03]} 18. Kb1 {[%emt 0:00:03]} a5 {[%emt 0:00:01]} 19. Qa4 {[%emt 0:00:03]} Qb4 {[%emt 0:00:02]} 20. Qxc6 {[%emt 0:00:01]} Bxe2 {[%emt 0:00:01]} 21. Nxe2 {[%emt 0:00:01]} Rxb7 {[%emt 0:00:01]} 22. b3 {[%emt 0:00:02]} a4 {[%emt 0:00:01]} 23. Qxd5 {[%emt 0:00:01]} Nf6 {[%emt 0:00:01]} 24. Qe5+ {[%emt 0:00:02]} Re7 {[%emt 0:00:01]} 25. Qc5 {[%emt 0:00:02]} Qxc5 {[%emt 0:00:00]} 26. dxc5 {[%emt 0:00:01]} Ng4 {[%emt 0:00:02]} 27. Rhf1 {[%emt 0:00:02]} axb3 {[%emt 0:00:00]} 28. axb3 {[%emt 0:00:01]} Ra7 {[%emt 0:00:01]} 29. c6 {[%emt 0:00:02]} Ra1+ {[%emt 0:00:00]} 30. Kc2 {[%emt 0:00:01]} Ra2+ {[%emt 0:00:01]} 31. Kd3 {[%emt 0:00:01]} Ne5+ {[%emt 0:00:00]} 32. Kc3 {[%emt 0:00:01]} Rxe2 {[%emt 0:00:01]} 33. c7 {[%emt 0:00:00]} Ke7 {[%emt 0:00:01]} 34. b4 {[%emt 0:00:01]} Rc8 {[%emt 0:00:01]} 35. Rd5 {[%emt 0:00:01]} Rxc7+ {[%emt 0:00:00]} 36. Rc5 {[%emt 0:00:01]} Nf3+ {[%emt 0:00:01]} 37. Kd3 {[%emt 0:00:00]} Rd2+ {[%emt 0:00:00]} 38. Kc4 {[%emt 0:00:00]} Rc2+ {[%emt 0:00:01]} 39. Kb5 {[%emt 0:00:00]} R7xc5+ {[%emt 0:00:00]} 40. bxc5 {[%emt 0:00:01]} Nd2 {[%emt 0:00:00]} 41. Rd1 {[%emt 0:00:00]} Nb3 {[%emt 0:00:01] '} 42. Rd6 {[%emt 0:00:01] (Lag: Av=0.06s, max=0.3s)} 1-0